| 000 | 01006nam a22002055i 4500 | ||
|---|---|---|---|
| 001 | 170264 | ||
| 003 | ES-MaACL | ||
| 005 | 20230906214332.0 | ||
| 008 | 090218s1805 fr |||| | fre d | ||
| 080 | _a782.1 | ||
| 100 | 1 |
_aDeschamps, Jacques-Marie. _9139468 |
|
| 245 | 1 | 0 |
_aOssian, ou les bardes _b: opéra en cinq actes : représenté pour la première fois sur le théâtre de l'Académie impériale de musique, le 21 messidor an 12 / _c[le poème est de M.***] ; [la musique est de M. Lesueur] / [les ballets sont de M. Gardel, à l'exception du dernier, qui est de la composition de M. Milon. |
| 250 | _aNouvelle édition, avec changemens. | ||
| 260 |
_aParis : _b[s.n.], _c1805 ( _fImp. Ballard) |
||
| 300 |
_a64 p. ; _c20 cm. |
||
| 500 | _aSin la música anunciada en la mención de responsabilidad tomada del verso de la portada. | ||
| 650 | 1 | 4 |
_aÓperas- _vLibretos. _9137584 |
| 700 | 1 |
_aDercy, P. _9139469 |
|
| 852 |
_aES-MaACL _j2248-F-3 _9R.140960 _z.- Biblioteca Jacinto Martínez Lacalle |
||
| 999 |
_c170264 _d170264 |
||